000 01420nam0a22003499 4500
001 RU\NLR\b_ik\14605
005 20250616224249.0
035 _a(NLR Aleph) 002089472
090 _a4934878
_c4934878
100 _a19950127d1994 |||y0rusy50 ca
101 0 _arus
102 _aRU
105 _ay |||||||||
200 1 _aDal Friuli alla Russia
_eMezzo secolo di storia e di cultura in margine all' epistolario (1875-1928) Jan Baudouin de Courtenay
_fLiliana Spinozzi Monai
210 _aUdine
_cSoc. filol. friulana
_d1994
215 _a242c.
_cил., факс., портр.
_d25
320 _aБиблиогр.: с. 233-237
541 0 _aОт Фриули до России.
606 0 _aБодуэн де Куртенэ,Иван Александрович,1845-1929
_2nlr-sh1
606 0 _aЯзыкознание
_xСборники
_2nlr-sh1
686 0 _aШ1 г(2)1д Бодуэн де Куртенэ
_2rubbk
686 0 _aШ1 я434 Бодуэн де Куртенэ
_2rubbk
700 1 _aSpinozzi Monai
_bLiliana
_4070
702 1 _aBoduén de Kurtené
_bI. A.
_f1845-1929
_gIvan Aleksandrovič
_3RU\NLR\AUTH\770274254
801 0 _aRU
_bNLR
_c20011010
_gPSBO
801 1 _aRU
_bNLR
_c20011015
852 _aNLR
_jЯ11 Д-7/346
942 _cBOOK
980 _aNB